000 00577nam a2200193 a 4500
005 20240910064047.0
008 991125s1990 mx 000 0 spa u
020 _a9684961685
035 _aUPN01000001257
049 _aSEP
050 4 _aS165
_bA47
245 0 0 _aAgricultura indígena :
_bpasado y presente /
_ccoord. Teresa Rojas Rabiela.
260 _aMéxico :
_bCIESAS ;
_bSEP,
_c1990.
300 _a397 p. :
_bfotos, il.
440 0 _aEdiciones de la Casa Chata
650 4 _aAgricultura
_zMéxico
_92038
700 1 _aRojas Rabiela, Teresa,
_d1947-
_942697
905 _aLibro
999 _c1257
_d1257